header

Grid computing for bioinformatics and computational biology (Record no. 27447)

MARC details
000 -LEADER
fixed length control field 01490nam a22003854a 4500
082 04 - DEWEY DECIMAL CLASSIFICATION NUMBER
Classification number 570.285
245 00 - TITLE STATEMENT
Title Grid computing for bioinformatics and computational biology
260 ## - PUBLICATION, DISTRIBUTION, ETC. (IMPRINT)
Place of publication Hoboken, N.J. :
Name of publisher Wiley-Interscience,
Year of publication c2008.
300 ## - PHYSICAL DESCRIPTION
Number of Pages xv, 392 p. :
Other physical details ill.
490 1# - SERIES STATEMENT
Series statement Wiley series on bioinformatics
650 #0 - SUBJECT ADDED ENTRY--TOPICAL TERM
Topical Term Bioinformatics.
Topical Term Computational biology.
Topical Term Computational grids (Computer systems)
700 1# - ADDED ENTRY--PERSONAL NAME
Personal name Talbi, El-Ghazali,
Personal name Zomaya, Albert Y.
856 40 - ELECTRONIC LOCATION AND ACCESS
Uniform Resource Identifier http://site.ebrary.com/lib/rucke/Doc?id=10225370

No items available.

© 2026 Rongo University
Contact us: librarian | system librarian | Rongo university